Մարդ ըլլալու միջոցը կամ կեանքի մէջ յաջողելու ճամբան / (Record no. 534559)
[ view plain ]
| 000 -LEADER | |
|---|---|
| fixed length control field | 00891nam a2200229 a 4500 |
| 001 - CONTROL NUMBER | |
| control field | 2016830 |
| 003 - CONTROL NUMBER IDENTIFIER | |
| control field | AM-YeHGA |
| 005 - DATE AND TIME OF LATEST TRANSACTION | |
| control field | 20250908113713.0 |
| 008 - FIXED-LENGTH DATA ELEMENTS--GENERAL INFORMATION | |
| fixed length control field | 250429s1954 le |||||||||||||||0|arm|d |
| 040 ## - CATALOGING SOURCE | |
| Original cataloging agency | AM-YeHGA |
| 041 1# - LANGUAGE CODE | |
| Language code of text/sound track or separate title | arm |
| 100 1# - MAIN ENTRY--PERSONAL NAME | |
| Personal name | Սէքլէմեան, Ա. Կ. |
| 245 10 - TITLE STATEMENT | |
| Title | Մարդ ըլլալու միջոցը կամ կեանքի մէջ յաջողելու ճամբան / |
| Statement of responsibility, etc. | Ա.Կ. Սէքլէմեան ; Հետեւող.՝ Ուիլեըմ Թէյըր. |
| 260 ## - PUBLICATION, DISTRIBUTION, ETC. | |
| Place of publication, distribution, etc. | Պէյրութ : |
| Name of publisher, distributor, etc. | Ա. հ., |
| Date of publication, distribution, etc. | 1954. |
| 300 ## - PHYSICAL DESCRIPTION | |
| Extent | (2 գիրք 1 կազմում) ; 193 էջ |
| 490 ## - SERIES STATEMENT | |
| Series statement | Մատենաշար «Ազդակ» |
| Volume/sequential designation | թիւ 73 |
| 501 ## - WITH NOTE | |
| With note | Կազմակից է՝ Հոգսը / Զուդերման Հ. - Պէյրութ, Ա. հ., 1955 |
| 650 14 - SUBJECT ADDED ENTRY--TOPICAL TERM | |
| Topical term or geographic name entry element | Բարոյագիտություն |
| 700 1# - ADDED ENTRY--PERSONAL NAME | |
| Personal name | Թէյըր, Ուիլեըմ |
| Relator term | խմբ. |
| Relationship | edt |
| 740 02 - ADDED ENTRY--UNCONTROLLED RELATED/ANALYTICAL TITLE | |
| Uncontrolled related/analytical title | Հոգսը |
| 942 ## - ADDED ENTRY ELEMENTS (KOHA) | |
| Source of classification or shelving scheme | Universal Decimal Classification |
| Koha item type | Գրքեր / Books |
| Withdrawn status | Lost status | Source of classification or shelving scheme | Damaged status | Not for loan | Collection | Home library | Current library | Date acquired | Serial enumeration / chronology | Inventory number | Total checkouts | Full call number | Barcode | Date last seen | Price effective from | Koha item type |
|---|---|---|---|---|---|---|---|---|---|---|---|---|---|---|---|---|
| Universal Decimal Classification | Zhamkochyan Individual collection | Fundamental Scientific Library | Fundamental Scientific Library | 29/04/2025 | Ալիգ 2 | ժամ/2152 | Ժամ/256 | FL0690584 | 29/04/2025 | 29/04/2025 | Գրքեր / Books |
ՀՀ Գիտությունների ազգային ակադեմիայի հիմնարար գիտական գրադարան = Fundamental Scientific Library of NAS RA
All site content, except where otherwise noted, is licensed under a